| 000 | 00541nam a2200193 a 4500 | ||
|---|---|---|---|
| 001 | 1777282226143 | ||
| 003 | YourLibrary | ||
| 005 | 20260427150501.0 | ||
| 008 | 260427s1998##################000#0#eng## | ||
| 020 | _a9783540648956 | ||
| 082 | 0 | 4 |
_a381.17 _bSAD |
| 100 | 1 |
_aSadrieh, Abdolkarim, _eauthor. |
|
| 245 | 1 | 0 | _aThe Alternating Double Auction Market : |
| 260 |
_bSpringer Science & Business Media, _c1998. |
||
| 300 | _a364 pages | ||
| 650 | 0 | _aBusiness & Economics. | |
| 942 | _cENGLISH | ||
| 040 |
_aYourLibrary _beng _cYourLibrary |
||
| 999 |
_c619980 _d619980 |
||